01801 2200241 4500001002100000005001500021035002000036008004100056245008900097100002400186260004500210300002300255020002200278084001800300520115300318082001101471650001801482650001501500990001101515990001101526990001101537990001101548INLIS00000000000899320220713094623 a0010-0721004252220713 g 0 ind 1 aAsal-usul Elite Minangkabau Modern :brespon terhadap kolonial belanda abad XIX / XX1 aGraves, Elizabeth E aJakarta :bYayasan Obor Indonesia,c2007 a309 hlm. ;c21 cm. a978-979-461-661-1 a959.813 GRA a aASAL-USUL MINANGKABAU MODERN Buku ini bermaksud memberikan analisis tentang reaksi bumi putra terhadap kekuasaan kolonial Belanda di Minangkabau, khususnya berkenaan dengan perkembangan abad ke -19 saat kekuasaan Belanda mulai mantap di Sunnatera.Riset buku inimenggunakandata dokunnenyang sangat !uas terutanna arsip Be!anda.di samping studi lapangan di Sumatera 8aratsekitartahun1907.Salah satu yang menadifokus perhap Garvesia!ah kebijakan clan organisasi pendidikan Barat yang di perkenaLkan Belanda sejakabad ke 14 Konklusi Graves ialah bahwa sebagai konsekuenddariintervend kekuasaan kolonial Belanda terhadap masyarakat lokal ialah runtuhnya kekuasaan tmdisinnal kelas atas akibat rotasi alami yang dilakukan Belanda tidak ber!an jutda!ano birokrasinya spdangkan non bi!itas pada keluarga kelas menengah tidakdinnungkinkan secara tradisiona!. Namun untunglah peluang pendidikan yang diberikan Belanda memungkinkan mereka melakukan mobilitas di luar lingkungan tradisonal yakni menjadi pegawai binokrasi.Keturunan mereka ini kemudian men jadi cikal bakal elite Minangkabau modern, yang kemudian mengisi sebagian besar elite politik Indonesia. a959813 4aSumatra Barat 4aKebudayaan a047720 a047717 a047718 a047719